Twenty One Pilots: Lovely lyrics - Statistics

General Stats
  • This quiz has been taken 673 times
  • The average score is 116 of 165
Answer Stats
Answe % Correct
You
99%
you
99%
a
98%
I
98%
be
96%
are
93%
love
93%
will
91%
lovely
90%
your
89%
and
88%
make
87%
on
87%
to
86%
believe
85%
out
85%
take
85%
come
84%
flies
84%
say
84%
I'll
83%
mouth
83%
with
83%
cobwebs
82%
so
82%
things
82%
ride
81%
won't
81%
hear
80%
me
80%
stay
80%
the
80%
alive
79%
behind
79%
second
78%
voice
78%
we
77%
somehow
74%
do
72%
is
71%
mind
71%
can
70%
not
68%
try
67%
friend
66%
here
66%
luckily
66%
read
66%
dear
65%
they
65%
again
64%
pretending
64%
ending
63%
how
63%
that
63%
unwind
63%
world
63%
down
62%
red
62%
save
62%
see
62%
understand
62%
day
61%
difference
61%
one
61%
think
61%
between
60%
life
60%
sending
60%
these
60%
cast
58%
days
58%
dying
58%
in
58%
flags
57%
it's
57%
only
57%
tell
57%
trying
57%
signals
56%
hard
55%
pray
52%
water
52%
all
51%
blood
51%
that's
49%
waves
46%
we're
43%
grow
40%
I'm
39%
now
39%
God
37%
just
37%
redemption
37%
sail
36%
coming
35%
setting
35%
stale
35%
straight
34%
clean
33%
going
33%
hit
31%
seas
31%
fear
30%
growing
30%
near
30%
Don't
29%
tounge
29%
gone
26%
treason
23%
No matching quizzes found
Score Distribution
Percent of People with Each Score
Percentile by Number Answered
Your Score History
You have not taken this quiz